Bibliografia brasileira de matemática, 1961/1964 : Trabalho apresentado, em edicao preliminar, ao 5º. Colóquio Brasileiro de Matemática, realizado en Poços de Caldas, de 4 a 24 de julho de 1965.
Guardado en:
| Autor Corporativo: | |
|---|---|
| Formato: | Libro |
| Idioma: | Portuguese |
| Publicado: |
Rio de Janeiro :
Instituto de Matemática Pura e Aplicada,
1965.
|
| Etiquetas: |
Agregar Etiqueta
Sin Etiquetas, Sea el primero en etiquetar este registro!
|
| LEADER | 00640nam a22001335a 4500 | ||
|---|---|---|---|
| 001 | MAT.inmabb007086 | ||
| 008 | 180228s1965####bl############100#0#por#d | ||
| 005 | 20180228163457.0 | ||
| 245 | 1 | 0 | |a Bibliografia brasileira de matemática, 1961/1964 : |b Trabalho apresentado, em edicao preliminar, ao 5º. Colóquio Brasileiro de Matemática, realizado en Poços de Caldas, de 4 a 24 de julho de 1965. |
| 260 | |a Rio de Janeiro : |b Instituto de Matemática Pura e Aplicada, |c 1965. | ||
| 300 | |a 50 p. ; |c 27 cm. | ||
| 111 | 2 | |a Colóquio Brasileiro de Matemática |n (5º : |d 1965 : |c Poços de Caldas) | |
| 084 | |a 00A15 |2 msc2000 | ||
| 859 | |h 00A15 |i B582 |p A-1492 |b BIB. MATEMATICA | ||
